|
|
|
|
| LEADER |
00000nam0a2200000 4500 |
| 001 |
682497 |
| 005 |
20251020160100.0 |
| 090 |
|
|
|a 682497
|
| 100 |
|
|
|a 20251020d1977 k||y0rusy50 ca
|
| 101 |
0 |
|
|a rus
|
| 102 |
|
|
|a RU
|
| 105 |
|
|
|a a z 001yy
|
| 181 |
|
0 |
|a i
|b e
|
| 182 |
|
0 |
|a n
|
| 183 |
|
0 |
|a nc
|2 RDAcarrier
|
| 200 |
1 |
|
|a Цинкование, кадмирование, лужение и свинцевание
|f В. А. Ильин
|g под ред. П. М. Вячеславова
|
| 203 |
|
|
|a Текст
|b визуальный
|c непосредственный
|
| 205 |
|
|
|a 4-е изд., доп. и перераб.
|
| 210 |
|
|
|a Ленинград
|c Машиностроение
|d 1977
|
| 215 |
|
|
|a 96 с.
|c ил.
|
| 225 |
1 |
|
|a Библиотека гальванотехника
|v Вып. 2
|
| 283 |
|
|
|a volume
|2 RDAcarrier
|
| 320 |
|
|
|a Список литературы: с. 94
|
| 606 |
|
|
|a Гальваностегия
|9 33585
|
| 610 |
1 |
|
|a поверхности
|
| 610 |
1 |
|
|a покрытия
|
| 610 |
1 |
|
|a электролиты
|
| 610 |
1 |
|
|a металлические детали
|
| 610 |
1 |
|
|a гальваника
|
| 675 |
|
|
|a 621.357.7
|v 4
|
| 700 |
|
1 |
|a Ильин
|b В. А.
|g Виталий Алексеевич
|
| 702 |
|
1 |
|4 340
|a Вячеславов
|b П. М.
|
| 801 |
|
0 |
|a RU
|b 63413507
|c 20251020
|
| 830 |
|
|
|a Ретро2025Каталогизация Мотырева
|
| 850 |
|
|
|a 63413507
|
| 942 |
|
|
|c BK
|